Statistics for Closest countries to Antarctica

Click here to take the quiz!

General Stats

  • This quiz has been taken 1,128 times
  • The average score is 4 of 5

Answer Stats

#Kilometres awayAnswer% Correct
11225kmChile
92%
21499kmArgentina
91%
42680kmAustralia
85%
32570kmNew Zealand
85%
53970kmSouth Africa
77%

Score Distribution

Percentile by Number Answered

Percent of People with Each Score

Your Score History

You have not taken this quiz